000 01127nam0a2200313 4500
001 RU\NLR\PR\ONL\13735886
005 20260208080051.0
035 _a(NLR Aleph) 022718749
090 _a13546839
_c13546839
100 _a20260204d1948 m y0rusy50 ca
101 1 _alit
_crus
102 _aLT
105 _aa z 000yy
181 0 _ai
_baxxe
182 0 _an
200 1 _aNuodingoji lazdelė
_evertimas iš rusų kalbos
_fS. Altšuletris
203 _aТекст
_bвизуальный
_cнепосредственный
210 0 1 _aVilnius
_cLTSR sveikatos apsaugos ministerijos resp. sanitarinio švietimo namai
_d1948
215 _a46,[2] с.
_cил.
_d15
541 1 _aЯдовитая палочка
_zrus
_7ca
606 1 _aТуберкулез легких
_jПопулярные издания
_9903650
_3RU\NLR\AUTH\668935
686 1 _aР542
700 0 _aАльтшулер
_bС.В.
_f1909-1979
_gСергей Владимирович
_4070
801 0 _aRU
_bNLR
852 0 0 _aNLR
942 _cBOOK
_cBOOK
945 _aРоссийская национальная библиотека
980 _aNB